Culture Générale - Série 1956 - Statistiques

Statistiques générales
  • Ce quiz a été pris 89 fois
  • Le résultat moyen est 5 sur 10
Statistiques - réponses
Question Réponse % Correct
De quel pays le "taco" est-il un plat traditionnel ? Mexique
89%
Ce mot désigne un ancien bouclier et une ancienne monnaie française écu
87%
Quel mot d'origine d'origine allemande désigne un coup d'état ? putsch
62%
Selon l'expression "ils sont tous dans la nature" goûts
57%
De quel pays Dodoma est-elle la capitale ? Tanzanie
45%
Dans quel département français se trouve la commune d'Etel ? Morbihan
38%
Quel est le prénom du peintre ayant réalisé "Le radeau de la Méduse " ? voir photo Théodore
38%
Quel mot d'origine italienne désigne une grosse crevette ou langoustine frite ? scampi
30%
Sous quel nom (3 mots) connait-on mieux Fabien Marsaud ? Grand Corps Malade
25%
Dans quelle ville française est né le pianiste Yves Nat (1890-1956) ? Béziers
7%
Aucun quiz correspondant
Distribution des résultats
% des personnes avec chaque résultat
Percentile par nombre de réponses
Votre historique - résultats
Vous n’avez pas pris ce quiz